01488nam a2200337 a 4500001001200000003000800012006001900020007001500039008004100054020001800095020001500113040002100128035002100149050002300170110003700193245024200230260005700472300001300529504005100542533015200593650002900745650003200774650004100806655002900847700002500876700001800901710007100919710001700990856012601007999001701133ebr10399491CaPaEBRm u cr cn|||||||||100805s2010 dcu sb 101 0 eng d z9780309152587 z0309152585 aCaPaEBRcCaPaEBR a(OCoLC)65085370514aTA145b.N38 2010eb2 aNational Academy of Engineering.10aEngineering, social justice and sustainable community developmenth[electronic resource] :bsummary of a workshop /cRachelle Hollander, editor ; Nathan Kahl, co-editor ; Advisory group for the center for engineering, ethics and society. aWashington, D.C. :bNational Academies Press,c2010. ax, 67 p. aIncludes bibliographical references and index. aElectronic reproduction.bPalo Alto, Calif. :cebrary,d2010.nAvailable via World Wide Web.nAccess may be limited to ebrary affiliated libraries. 0aEngineeringvCongresses. 0aSocial justicevCongresses. 0aSustainable developmentvCongresses. 7aElectronic books.2local1 aHollander, Rachelle.1 aKahl, Nathan.2 aAdvisory group for the center for engineering, ethics and society.2 aebrary, Inc.40uhttp://site.ebrary.com/lib/rucke/Doc?id=10399491zAn electronic book accessible through the World Wide Web; click to view c94678d94678